| 000 -ლიდერი |
| ფიქსირებული სიგრძის საკონტროლო ველი |
01346nam a2200265Ia 4500 |
| 001 - საკონტროლო ნომერი |
| საკონტროლო ველი |
21958 |
| 003 - საკონტროლო ნომრის იდენტიფიკატორი |
| საკონტროლო ველი |
GE_BSU |
| 005 - ბოლო ოპერაციის თარიღი და დრო |
| საკონტროლო ველი |
20220913123803.0 |
| 008 - ფიქსირებული სიგრძის მონაცემთა ელემენტები - ზოგადი ინფორმაცია |
| ფიქსირებული სიგრძის საკონტროლო ველი |
181216s ||||ge |||||||||||||| ||geo|| |
| 040 ## - კატალოგიზაციის წყარო |
| Transcribing agency |
GE_BSU |
| 041 ## - ენის კოდი |
| Language code of text/sound track or separate title |
geo |
| 080 ## - უნივერსალური ათობითი კლასიფიკაციის ინდექსი |
| Universal Decimal Classification number |
821.111.092 ა-64 |
| 100 ## - მთავარი ჩანაწერი - პიროვნების სახელი |
| Personal name |
ანდრონიკაშვილი, ნ. (ნელი) |
| 9 (RLIN) |
14587 |
| 245 ## - ცნობა სათაურის შესახებ |
| Title |
რობერტ სტივენსონის ქართველოლოგიური ძიებანი / |
| Statement of responsibility, etc |
ნ.(ნელი) ანდრონიკაშვილი ; რედ. დ. ლაშქარაძე. |
| 264 ## - წარმოების, გამოცემის, დისტრიბუციის და სხვა ცნობები |
| გამოცემის, წარმოების, დისტრიბუციის... ადგილი |
თბილისი : |
| გამოცემის, წარმოების, დისტრიბუციის... სახელწოდება |
მეცნიერება, |
| გამოცემის, წარმოების, დისტრიბუციის... თარიღი |
198.8 |
| 300 ## - ფიზიკური აღწერა |
| Extent |
83 გვ. ; |
| Dimensions |
22 სმ. |
| 653 ## - INDEX TERM--UNCONTROLLED |
| Uncontrolled term |
ლიტერატურა |
| 653 ## - INDEX TERM--UNCONTROLLED |
| Uncontrolled term |
რობერტ სტივენსონის ქართველოლოგიური ძიებანი |
| 653 ## - INDEX TERM--UNCONTROLLED |
| Uncontrolled term |
სტივენსონი, რობერტ |
| 653 ## - INDEX TERM--UNCONTROLLED |
| Uncontrolled term |
ინგლისელი მწერლები |
| 700 ## - ADDED ENTRY--PERSONAL NAME |
| Personal name |
ლაშქარაძე, დ. |
| Relator term |
რედაქტორი |
| 9 (RLIN) |
14588 |
| 710 ## - ADDED ENTRY--CORPORATE NAME |
| Corporate name or jurisdiction name as entry element |
შოთა რუსთაველის სახელობის ქართული ლიტერატურის ინსტიტუტიი. |
| 9 (RLIN) |
14589 |
| 942 ## - ADDED ENTRY ELEMENTS (KOHA) |
| Koha item type |
წიგნი |
| Source of classification or shelving scheme |
|